Qui est-ce ? (#2) - Statistiques

Statistiques générales
  • Ce quiz a été pris 63 fois
  • Le résultat moyen est 4 sur 10
Statistiques - réponses
Indices Personnages % Correct
Chef de l'URSS lors de la Seconde Guerre Mondiale Joseph Staline
96%
Découverte du polonium Pierre et Marie Curie
68%
Général ayant crié « Vive le Québec Libre ! » lors d'un discours à Montréal Charles de Gaulle
54%
Héliocentrisme Nicolas Copernic
50%
Créateur du tableau périodique des éléments Dmitri Mendeleïev
48%
Artiste ayant peint « La Persistance de la Mémoire » Salvador Dali
25%
La fin justifie les moyens Nicolas Machiavel
13%
Premier noir à jouer dans la MLB Jackie Robinson
7%
Joueur de hockey ayant gagné 11 fois la Coupe Stanley Henri Richard
5%
Capitaine des Canadiens de Montréal Shea Weber
4%
Aucun quiz correspondant
Distribution des résultats
% des personnes avec chaque résultat
Percentile par nombre de réponses
Votre historique - résultats
Vous n’avez pas pris ce quiz